000 00421nam a2200157Ia 4500
008 240729s9999 xx 000 0 und d
022 _a1998-3611
245 0 _aIndian Journal of Dermatology
260 _aIndia
260 _bWolters Kluwer Medknow Publications
650 _a Dermatology
650 _aMedicine
856 _uhttps://doaj.org/toc/a8a04e29010448578126bd2cc9897cd4
942 _2ddc
942 _cDOAJEJ
999 _c71533
_d71533
945 _a1
_bMadushi Gamage
_c1
_dMadushi Gamage